Britain, India, and the Arabs 1914-1921 (Record no. 5593)

MARC details
000 -LEADER
fixed length control field 00613nam a2200241 a 4500
020 ## - INTERNATIONAL STANDARD BOOK NUMBER
ISBN
082 00 - DEWEY DECIMAL CLASSIFICATION NUMBER
Classification number 940.3
Author Cutter BUS
100 ## - MAIN ENTRY--AUTHOR NAME
Author name Busch, Briton Cooper
245 ## - TITLE STATEMENT
Title Britain, India, and the Arabs 1914-1921
260 ## - PUBLICATION, DISTRIBUTION, ETC. (IMPRINT)
Place of publication London
Name of publisher University of California
Year of publication 1971
300 ## - PHYSICAL DESCRIPTION
Number of Pages 522p
500 ## - GENERAL NOTE
General note includes index and biblioraphy
505 2# - FORMATTED CONTENTS NOTE
Formatted contents note Bibliography, Index
650 ## - SUBJECT ADDED ENTRY--TOPICAL TERM
Topical Term World War 1
942 ## - ADDED ENTRY ELEMENTS (KOHA)
Koha item type Books
700 1# -
-- Busch, Briton Cooper
Holdings
Collection code Home library Current library Date acquired Cost, normal purchase price Full call number Accession Number Koha item type
  Henry Martyn Institute Library Henry Martyn Institute Library 04/02/2007 547.50 940.3 BUS 07488 Books
                   Copyright © 2026 | Henry Martyn Institute | Hyderabad | TS-500052 | INDIA | Implemented by hmi.edu.in
Hit-Count:

Powered by Koha